Population Genetics (Record no. 17162)

000 -LEADER
fixed length control field 00251nam a22001097a 4500
008 - FIXED-LENGTH DATA ELEMENTS--GENERAL INFORMATION
fixed length control field 140529t xxu||||| |||| 00| 0 eng d
020 ## - INTERNATIONAL STANDARD BOOK NUMBER
International Standard Book Number 978-81-8356-383-3
100 ## - MAIN ENTRY--PERSONAL NAME
Personal name A.N. Shukla
9 (RLIN) 924
245 ## - TITLE STATEMENT
Title Population Genetics
300 ## - PHYSICAL DESCRIPTION
Extent 250
942 ## - ADDED ENTRY ELEMENTS (KOHA)
Source of classification or shelving scheme
Koha item type Book
Holdings
Withdrawn status Lost status Source of classification or shelving scheme Damaged status Not for loan Collection code Permanent Location Current Location Date acquired Total Checkouts Barcode Date last seen Price effective from Koha item type
            Central Library (CL) Central Library (CL) 05/29/2014   ASAB2131 05/29/2014 05/29/2014 Book
© 2023 Central Library, National University of Sciences and Technology. All Rights Reserved.